[Event "Match"]
[Site "www.echecsemail.com"]
[Date "2015.04.09"]
[Round "1"]
[White "Generalfree"]
[Black "4knights"]
[WhiteElo "1740"]
[BlackElo "1790"]
[Result "1/2-1/2"]
[Round "1"]
1.e4 e5
2.Ng1f3 Ng8f6
3.Nb1c3 Nb8c6
4.d4 exd4
5.Nf3xd4 Bf8b4
6.Nd4xc6 bxc6
7.Qd1f3 d5
8.e5 Nf6e4
9.Bc1d2 Ne4xd2
10.Kxd2 O-O
11.a3 Bb4xc3
12.Qf3xc3 Qd8g5
13.Kd1 Bc8d7
14.g3 Rf8e8
15.f4 Bd7g4
16.Bf1e2 Bg4xe2
17.Kxe2 Qg5g4
18.Kf2 Ra8b8
19.Qc3xc6 Qg4f5
20.Rh1e1 Re8e6
21.Qc6xc7 Re6b6
22.b4 Rb8c8
23.Qc7xa7 Rc8xc2
24.Re1e2 Rc2c6
25.Qa7a5 d4
26.b5 Rc6c2
27.Qa5xb6 Rc2xe2
28.Kxe2 Qf5e4
29.Kf2 Qe4e3
30.Kg2 Qe3e2
31.Kg1 Qe2e3
32.Kf1 Qe3f3
33.Ke1 Qf3e3
34.Kd1 Qe3d3
35.Ke1 Qd3e3
36.Kf1 { draw }
1/2-1/2

[Event "Tourn. n8096"]
[Site "www.chess-mail.com"]
[Date "2015.04.09"]
[Round "1"]
[White "Libiesse"]
[Black "Fabos12"]
[WhiteElo "1930"]
[BlackElo "1890"]
[Result "1-0"]
[Round "1"]
1.d4 g6
2.c4 d6
3.Nb1c3 Bf8g7
4.Ng1f3 Nb8c6
5.Bc1f4 Bc8g4
6.h3 Bg4d7
7.e3 e6
8.Bf1e2 Ng8e7
9.O-O O-O
10.a3 h6
11.Ra1c1 g5
12.Bf4h2 f5
13.Nf3d2 Ne7g6
14.Be2h5 Bd7e8
15.b4 e5
16.d5 Nc6e7
17.Nc3a4 b5
18.Na4b2 bxc4
{ time. }
1-0

[Event "Tourn. n8019"]
[Site "www.chess-mail.com"]
[Date "2015.04.09"]
[Round "1"]
[White "Colchester"]
[Black "Fred"]
[WhiteElo "1800"]
[BlackElo "2010"]
[Result "1-0"]
[Round "1"]
1.e4 e5
2.Ng1f3 Nb8c6
3.Bf1b5 d6
4.d4 Bc8d7
5.Nb1c3 h6
6.O-O Ng8f6
7.dxe5 dxe5
8.Qd1e2 Bf8c5
9.h3 O-O
10.Rf1d1 Qd8e7
11.a3 Ra8d8
12.Bc1e3 a6
13.Bb5a4 b5
14.Be3xc5 Qe7xc5
15.Ba4b3 Bd7e6
16.Bb3xe6 fxe6
17.Rd1xd8 Nc6xd8
18.Ra1d1 Nd8c6
19.Qe2d3 Nf6h5
20.Nc3e2 Nh5f4
21.Ne2xf4 exf4
22.Qd3b3 Qc5c4
23.Qb3xc4 bxc4
24.Rd1d7 Rf8f7
25.Rd7xf7 Kxf7
26.Kf1 e5
27.c3 g5
28.Ke1 Nc6a5
29.Nf3xe5 Ke6
30.Ne5f3 Na5b3
31.Ke2 Nb3c5
32.Nf3d2 Ke5
33.f3 Nc5a4
34.Nd2xc4 Ke6
35.Kd3 Kd7
36.b3 Na4c5
37.Kc2 h5
38.b4 Nc5b7
39.Kd3 c5
40.Nc4e5 Ke6
41.Ne5c4 cxb4
42.axb4 g4
43.hxg4 hxg4
44.Kd4 gxf3
45.gxf3 Nb7d6
46.Nc4xd6 Kxd6
47.e5 { resign }
1-0

[Event "Tourn. n8049"]
[Site "www.chess-mail.com"]
[Date "2015.04.09"]
[Round "1"]
[White "Difficult"]
[Black "Valdri"]
[WhiteElo "2040"]
[BlackElo "2040"]
[Result "1-0"]
[Round "1"]
1.d4 d5
2.Bc1f4 Ng8f6
3.e3 e6
4.Ng1f3 Bf8d6
5.Bf4xd6 Qd8xd6
6.c3 b6
7.Bf1d3 Nb8d7
8.O-O O-O
9.Nb1d2 Bc8b7
10.Qd1e2 c5
11.c4 dxc4
12.Nd2xc4 Qd6e7
13.dxc5 Nd7xc5
14.Bd3c2 Rf8d8
15.Rf1d1  { time }
1-0

[Event "Tourn. n8110"]
[Site "www.chess-mail.com"]
[Date "2015.04.09"]
[Round "1"]
[White "4knights"]
[Black "Servant"]
[WhiteElo "1700"]
[BlackElo "1640"]
[Result "1-0"]
[Round "1"]
1.d4 d5
2.c4 c6
3.Ng1f3 dxc4
4.Nb1c3 e6
5.e4 b5
6.a4 Bf8b4
7.Bf1e2 Bc8b7
8.O-O a6
9.Bc1d2 Ng8f6
10.Qd1c2 Bb4xc3
11.Bd2xc3 O-O
12.axb5 cxb5
13.e5 Nf6d5
14.Bc3d2 Nb8c6
15.Nf3g5 g6
16.Qc2e4 h6
17.Ng5xe6 fxe6
18.Qe4xg6 Kh8
19.Qg6xh6 Kg8
20.Be2g4 Nd5c7
21.Ra1a3 Nc6xd4
22.Qh6g6 Kh8
23.Ra3h3 { resign }
1-0

[Event "Tourn. n8112"]
[Site "www.chess-mail.com"]
[Date "2015.04.09"]
[Round "1"]
[White "Colchester"]
[Black "Johnmcbride"]
[WhiteElo "1910"]
[BlackElo "1810"]
[Result "1/2-1/2"]
[Round "1"]
1.e4 e5
2.Ng1f3 d6
3.d4 exd4
4.Nf3xd4 c5
5.Nd4f3 h6
6.Bf1b5 Nb8d7
7.O-O a6
8.Bb5xd7 Bc8xd7
9.c4 b5
10.cxb5 Bd7xb5
11.Rf1e1 Ng8e7
12.Nb1c3 Ne7g6
13.a4 Bb5c4
14.b3 Bc4e6
15.Bc1b2 Bf8e7
16.Nc3d5 O-O
17.Qd1d2 Be6xd5
18.exd5 Be7f6
19.Bb2xf6 Qd8xf6
20.Ra1d1 { draw }
1/2-1/2

[Event "Tourn. n8114"]
[Site "www.chess-mail.com"]
[Date "2015.04.09"]
[Round "1"]
[White "Kesalon"]
[Black "Servant"]
[WhiteElo "1830"]
[BlackElo "1640"]
[Result "1-0"]
[Round "1"]
1.e4 e5
2.Ng1f3 Nb8c6
3.Bf1b5 Ng8f6
4.O-O Nf6xe4
5.Rf1e1 Ne4d6
6.Bb5xc6 dxc6
7.Nf3xe5 Bf8e7
8.d4 O-O
9.Nb1c3 Nd6f5
10.Ne5f3 Be7f6
11.Bc1e3 Nf5xe3
12.Re1xe3 Rf8e8
13.Re3xe8 Qd8xe8
14.Qd1d3 Bc8e6
15.Ra1e1 Qe8d7
16.Nc3e4 Bf6e7
17.Nf3e5 Qd7d8
18.a3 Be6f5
19.Qd3f3 Bf5xe4
20.Re1xe4 Be7f6
21.c3 Bf6xe5
22.Re4xe5 f6
23.Re5e1 Qd8d7
24.Qf3e4 g6
25.Qe4e7 Qd7xe7
26.Re1xe7 Ra8d8
27.Re7xc7 { resign }
1-0

[Event "Tourn. n8010"]
[Site "www.chess-mail.com"]
[Date "2015.04.09"]
[Round "1"]
[White "Theos666"]
[Black "Tomcapp"]
[WhiteElo "1350"]
[BlackElo "1460"]
[Result "0-1"]
[Round "1"]
1.d4 d5
2.g3 Bc8f5
3.Bf1g2 c6
4.Ng1f3 f6
5.O-O e5
6.dxe5 fxe5
7.Nf3xe5 Bf5e6
8.Nb1c3 Ng8f6
9.Ra1b1 Bf8d6
10.Ne5f3 Bd6b4
11.Bc1d2 Nf6e4
12.a3 Ne4xc3
13.Bd2xc3 Bb4xc3
14.bxc3 b5
15.Nf3e5 Qd8e7
16.Qd1c1 Nb8d7
17.Ne5xd7 Be6xd7
18.Rf1e1 Rh8f8
19.f3 g5
20.h3 g4
21.h4 gxf3
22.exf3 Bd7e6
23.Re1e5 a6
24.Qc1e1 a5
25.Qe1e3 b4
26.Rb1e1 bxa3
27.Re5xe6 Qe7xe6
28.Qe3xe6 Kd8
29.Qe6d6 Kc8
30.Qd6xf8 Kb7
31.Qf8f7 Kb6
32.Re1e8 Ra8a7
33.Qf7f6 Kc5
34.Re8c8 Kb5
35.Bg2f1 Ka4
36.Qf6e6 Ra7a6
37.Bf1xa6 a2
{ resign }
0-1

[Event "Match"]
[Site "www.echecsemail.com"]
[Date "2015.04.09"]
[Round "1"]
[White "Dany2005"]
[Black "Calponas"]
[WhiteElo "2130"]
[BlackElo "2020"]
[Result "0-1"]
[Round "1"]
1.e4 c5
2.Ng1f3 d6
3.Bf1b5 Bc8d7
4.Bb5xd7 Nb8xd7
5.d4 cxd4
6.Qd1xd4 Ra8c8
7.Nb1c3 Ng8f6
8.O-O g6
9.Qd4xa7 Qd8c7
10.Qa7e3 Bf8g7
11.a4 O-O
12.Bc1d2 Nd7e5
13.Nf3xe5 dxe5
14.h3 Rf8d8
15.Ra1d1 h5
16.Qe3e2 Qc7c4
17.Bd2g5 Qc4xe2
18.Nc3xe2 Rd8xd1
19.Rf1xd1 Rc8xc2
20.Rd1d2 Rc2xd2
21.Bg5xd2 Nf6xe4
{ resign }
0-1

[Event "Match"]
[Site "www.echecsemail.com"]
[Date "2015.04.09"]
[Round "1"]
[White "Generalfree"]
[Black "Paco"]
[WhiteElo "1800"]
[BlackElo "1910"]
[Result "1-0"]
[Round "1"]
1.c4 e5
2.e4 Bf8c5
3.h3 Qd8f6
4.f3 Qf6h4
5.Ke2 Qh4f2
6.Kd3 Nb8c6
7.a3 b6
8.Ng1e2 Bc8a6
9.b4 Bc5d4
10.Nb1c3 Bd4xc3
11.dxc3 Ba6xc4
12.Kxc4 b5
13.Kxb5 a6
14.Ka4 a5
15.b5 Qf2c5
16.Qd1d3 Nc6a7
17.Bc1e3 Qc5d6
18.Qd3xd6 cxd6
19.b6 Na7c6
20.Ra1b1 Ng8e7
21.Ne2g3 d5
22.exd5 Ne7xd5
23.Be3d2 O-O
24.Bf1b5 Nd5xb6
25.Kb3 d5
26.Bb5xc6 Ra8b8
27.Ka2 Nb6c4
28.Rb1xb8 Rf8xb8
29.Bd2c1 d4
30.cxd4 exd4
31.Rh1d1 Rb8c8
32.Bc6e4 Rc8d8
33.Ng3f5 Nc4e3
34.Bc1xe3 { resign }
1-0

[Event "Match"]
[Site "www.echecsemail.com"]
[Date "2015.04.09"]
[Round "1"]
[White "Castletyme"]
[Black "Gambitmiau"]
[WhiteElo "1920"]
[BlackElo "1770"]
[Result "0-1"]
[Round "1"]
1.e4 Nb8c6
2.Ng1f3 d5
3.exd5 Qd8xd5
4.Nb1c3 Qd5h5
5.Nc3e2 Bc8g4
6.Ne2g3 Bg4xf3
7.gxf3 Qh5e5
8.Bf1e2 O-O-O
9.O-O Nc6d4
10.Rf1e1 Nd4c6
11.Be2c4 Qe5f6
12.Kg2 e6
13.c3 Nc6e5
14.Bc4e2 Bf8d6
15.Qd1a4 Kb8
16.b4 Ne5c6
17.b5 Nc6e5
18.d4 Ne5d7
19.Bc1b2 Nd7b6
20.Qa4b3 Ng8h6
21.Ng3e4 Qf6g6
22.Ne4g3 Nh6f5
23.Be2d3 Qg6g5
24.Bd3xf5 Bd6xg3
25.hxg3 Qg5xf5
26.Re1e5 Qf5d3
27.Ra1d1 Qd3c4
28.Qb3xc4 Nb6xc4
29.Re5e2 e5
30.Bb2c1 exd4
31.Rd1xd4 Rd8xd4
32.cxd4 Rh8d8
33.Re2e7 Nc4d6
34.Bc1f4 Nd6xb5
35.Re7xf7 a5
36.Rf7xg7 Rd8h8
37.Bf4e5 h5
38.Rg7xc7 Nb5xc7
39.Be5xh8 Nc7d5
40.f4 Kc7
41.Bh8e5 Kd7
42.f3 Ke6
43.Be5b8 Kf5
44.Kh3 b5
45.Kh4 b4
46.Kxh5 Nd5c3
47.g4 Kf6
48.Bb8e5 Kf7
49.g5 Nc3xa2
50.d5 b3
51.g6 Kg8
52.d6 Na2b4
53.d7 Nb4c6
54.Be5f6 a4
55.d8Q Nc6xd8
56.Bf6xd8 b2
57.Bd8f6 b1Q
58.Kg5 a3
59.g7 a2
60.f5 Qb1g1
{ resign }
0-1

[Event "Match"]
[Site "www.echecsemail.com"]
[Date "2015.04.09"]
[Round "1"]
[White "Castletyme"]
[Black "Chtoubidou"]
[WhiteElo "1860"]
[BlackElo "1880"]
[Result "0-1"]
[Round "1"]
1.e4 d5
2.exd5 Ng8f6
3.c4 c6
4.dxc6 Nb8xc6
5.Ng1f3 e5
6.d3 e4
7.dxe4 Qd8xd1
8.Kxd1 Nf6xe4
9.Bc1e3 Bc8g4
10.Bf1e2 O-O-O
11.Nb1d2 Bf8b4
12.a3 Bb4xd2
13.Nf3xd2 Bg4xe2
14.Kxe2 Ne4xd2
15.Be3xd2 Rh8e8
16.Kd1 Nc6d4
17.Rh1e1 Nd4b3
 { time }
0-1

[Event "1/64 Finale"]
[Site "www.chess-mail.com"]
[Date "2015.04.09"]
[Round "1"]
[White "Muller42"]
[Black "Difficult"]
[WhiteElo "2260"]
[BlackElo "2020"]
[Result "0-1"]
[Round "1"]
1.e4 e6
2.d4 d5
3.exd5 exd5
4.Bf1d3 Bf8d6
5.Ng1f3 Ng8f6
6.O-O O-O
7.c4 dxc4
8.Bd3xc4 Nb8c6
9.Nb1c3 Bc8g4
10.Bc1e3 a6
11.a4 Rf8e8
12.Qd1b3 Qd8d7
13.Nf3g5 Bg4h5
14.Bc4d3 h6
15.Ng5e4 Nf6xe4
16.Nc3xe4 b6
17.Ne4xd6 Qd7xd6
18.d5 Nc6e5
19.Bd3b1 Ne5g4
20.g3 Ng4xe3
21.fxe3 Qd6c5
22.Rf1e1 Ra8d8
23.Bb1a2 Bh5g6
24.Ra1c1 Qc5d6
 { time }
0-1

[Event "1/32 Finale"]
[Site "www.chess-mail.com"]
[Date "2015.04.09"]
[Round "1"]
[White "Leswamp"]
[Black "Rindrandria"]
[WhiteElo "2400"]
[BlackElo "1510"]
[Result "1-0"]
[Round "1"]
1.d4 e6
2.e4 Nb8c6
3.Ng1f3 h6
4.d5 exd5
5.exd5 Nc6b8
6.Bf1b5 c6
7.Bb5c4 Qd8b6
8.d6 Qb6b4
9.Nb1d2 b5
10.Qd1e2 Kd8
11.Bc4xf7 Ng8f6
12.c3 Qb4xd6
13.O-O Qd6c7
14.Nd2e4 d5
15.Ne4xf6 Qc7xf7
16.Nf6xd5 Qf7xd5
17.Rf1d1 Qd5xd1
18.Qe2xd1 Bc8d7
19.Nf3e5 Bf8e7
20.Ne5f7 { resign }
1-0

[Event "Tourn. n8122"]
[Site "www.chess-mail.com"]
[Date "2015.04.09"]
[Round "1"]
[White "Odrum1"]
[Black "Oliverio"]
[WhiteElo "1410"]
[BlackElo "1520"]
[Result "0-1"]
[Round "1"]
1.e4 e5
2.Ng1f3 Nb8c6
3.Bf1c4 Ng8f6
4.Nb1c3 Bf8e7
5.O-O d6
6.d3 Bc8g4
7.Nc3d5 Nc6d4
8.Bc1e3 Nd4xf3
9.gxf3 Bg4h3
10.Rf1e1 Nf6h5
11.Nd5xe7 Qd8xe7
12.f4 Nh5xf4
13.Be3xf4 exf4
14.Qd1h5 Bh3e6
 { time }
0-1

[Event "Tourn. n8160"]
[Site "www.chess-mail.com"]
[Date "2015.04.09"]
[Round "1"]
[White "Woodpusher2"]
[Black "Roqueur"]
[WhiteElo "2620"]
[BlackElo "2610"]
[Result "1/2-1/2"]
[Round "1"]
1.d4 Ng8f6
2.c4 e6
3.Nb1c3 Bf8b4
4.e3 O-O
5.Ng1e2 d5
6.a3 Bb4e7
7.cxd5 exd5
8.Ne2f4 c6
9.Bf1d3 Rf8e8
10.O-O Nb8d7
11.f3 Nd7f8
12.Bc1d2 Nf8e6
13.Nf4e2 b6
14.Bd2e1 a5
15.Ra1c1 g6
16.Be1h4 Bc8d7
17.Qd1d2 Ra8c8
18.Rf1e1 b5
19.Bd3c2 Qd8b6
20.Re1d1 Qb6a6
21.Qd2e1 Qa6b7
22.Bc2b1 Kg7
23.Kh1 h6
24.Qe1f2 { draw }
1/2-1/2

[Event "Tourn. n8116"]
[Site "www.chess-mail.com"]
[Date "2015.04.09"]
[Round "1"]
[White "Krasin"]
[Black "Emmanuelasi"]
[WhiteElo "2320"]
[BlackElo "2330"]
[Result "0-1"]
[Round "1"]
1.e4 Nb8c6
2.Nb1c3 e5
3.Bf1c4 Bf8c5
4.d3 a6
5.Qd1h5 g6
6.Qh5f3 Qd8f6
7.Nc3d5 Qf6xf3
8.Ng1xf3 Bc5d6
9.c3 Nc6e7
10.Bc1e3 Ne7xd5
11.Bc4xd5 c6
12.Bd5b3 Bd6c7
13.O-O-O d6
 { time }
0-1

[Event "Tourn. n8106"]
[Site "www.chess-mail.com"]
[Date "2015.04.09"]
[Round "1"]
[White "Asoka"]
[Black "Emmanuelasi"]
[WhiteElo "2590"]
[BlackElo "2340"]
[Result "1-0"]
[Round "1"]
1.c4 Nb8c6
2.Nb1c3 e5
3.Ng1f3 Bf8c5
4.e3 a6
5.d4 exd4
6.exd4 Bc5b4
7.d5 Bb4xc3
8.bxc3 Nc6e7
9.Bc1g5 h6
10.Bg5h4 g5
11.Bh4g3 d6
12.Bf1d3 Bc8f5
13.O-O Qd8d7
14.Ra1b1 b6
15.Nf3d4 Bf5xd3
16.Qd1xd3 Kf8
17.f4 Kg7
18.fxg5 hxg5
19.Qd3f3 Ne7g6
20.Rb1xb6 cxb6
21.Nd4f5 Kf8
22.Bg3xd6 Ke8
23.Rf1e1 Kd8
24.Qf3e3 { resign }
1-0

[Event "Tourn. n8013"]
[Site "www.chess-mail.com"]
[Date "2015.04.09"]
[Round "1"]
[White "Ssharp"]
[Black "Sontuozio"]
[WhiteElo "2150"]
[BlackElo "2190"]
[Result "0-1"]
[Round "1"]
1.e4 e6
2.d4 d5
3.e5 c5
4.c3 Nb8c6
5.Ng1f3 Bc8d7
6.Bf1e2 Qd8b6
7.O-O Ng8e7
8.Nb1a3 a6
9.Na3c2 Ne7f5
10.g4 Nf5e7
11.Ra1b1 Ne7g6
12.Bc1e3 Bf8e7
13.a3 f6
14.exf6 gxf6
15.b4 c4
16.a4 Qb6c7
17.b5 axb5
18.axb5 Nc6a5
19.g5 f5
20.Nc2e1 f4
21.Be3c1 Na5b3
22.Rb1xb3 cxb3
23.Qd1xb3 Qc7a5
24.Ne1g2 Qa5a2
25.Qb3xa2 Ra8xa2
26.Be2d3 Be7d6
27.Bd3xg6 hxg6
28.Bc1xf4 Bd6xf4
29.Ng2xf4 O-O
30.Nf3e5 Rf8xf4
{ resign }
0-1

[Event "Tourn. n8103"]
[Site "www.chess-mail.com"]
[Date "2015.04.09"]
[Round "1"]
[White "Faerieking"]
[Black "Comrade"]
[WhiteElo "2170"]
[BlackElo "2210"]
[Result "1-0"]
[Round "1"]
1.e4 c5
2.Ng1f3 Nb8c6
3.d4 cxd4
4.Nf3xd4 Ng8f6
5.Nb1c3 e6
6.Nd4xc6 bxc6
7.e5 Nf6d5
8.Nc3e4 f5
9.exf6 Nd5xf6
10.Ne4d6 Bf8xd6
11.Qd1xd6 Qd8a5
12.Bc1d2 Qa5d5
13.Bd2b4 Qd5xd6
14.Bb4xd6 Nf6e4
15.Bd6a3 d5
16.Bf1d3 Ne4f6
17.f3 Kf7
18.O-O-O e5
19.Rh1e1 Nf6d7
20.Re1e2 g6
21.c4 Bc8b7
22.b3 Rh8e8
23.cxd5 cxd5
24.Bd3b5 Ra8d8
25.Ba3b2 Re8e7
26.Bb5xd7  { time }
1-0

[Event "Tourn. n8143"]
[Site "www.chess-mail.com"]
[Date "2015.04.09"]
[Round "1"]
[White "Biagio"]
[Black "Libiesse"]
[WhiteElo "1930"]
[BlackElo "1980"]
[Result "1-0"]
[Round "1"]
1.e4 c5
2.d4 cxd4
3.c3 dxc3
4.Nb1xc3 Nb8c6
5.Ng1f3 e6
6.Bf1c4 Ng8f6
7.O-O Qd8c7
8.Nc3b5 Qc7b8
9.e5 a6
10.exf6 axb5
11.fxg7 Bf8xg7
12.Bc4xb5 d5
13.Rf1e1 Qb8d6
14.Nf3g5 h6
15.Ng5e4 Qd6b4
16.Bb5xc6 bxc6
17.Ne4c3 Bg7xc3
18.bxc3 Qb4xc3
19.Bc1e3 Bc8d7
20.Be3d4 { resign }
1-0

[Event "Match"]
[Site "www.echecsemail.com"]
[Date "2015.04.09"]
[Round "1"]
[White "Comrade"]
[Black "Joseph1983"]
[WhiteElo "2210"]
[BlackElo "2100"]
[Result "0-1"]
[Round "1"]
1.c4 e5
2.Nb1c3 Ng8f6
3.g3 d5
4.cxd5 Nf6xd5
5.Bf1g2 Bc8e6
6.d3 Bf8e7
7.Ng1f3 Nb8c6
8.O-O Qd8d7
9.Bc1d2 O-O-O
10.Ra1c1 Kb8
11.a3 f6
12.b4 g5
13.Nc3e4 h5
14.b5 Nc6d4
15.Nf3xd4 exd4
16.Ne4c5 Be7xc5
17.Rc1xc5 Nd5b6
18.Qd1c2 h4
19.Bd2a5 hxg3
20.fxg3 Be6h3
21.Rf1f2 Bh3xg2
 { time }
0-1

[Event "Match"]
[Site "www.echecsemail.com"]
[Date "2015.04.09"]
[Round "1"]
[White "Nestor"]
[Black "Generalfree"]
[WhiteElo "2130"]
[BlackElo "1930"]
[Result "1-0"]
[Round "1"]
1.e4 e5
2.Nb1c3 Bf8c5
3.Bf1c4 c6
4.d3 Ng8f6
5.Ng1e2 Bc5xf2
6.Kxf2 d5
7.exd5 Nf6g4
8.Kg1 Qd8f6
9.Nc3e4 Qf6g6
10.Ne2g3 b5
11.Bc4b3 Bc8f5
12.Ng3xf5 Qg6xf5
13.h3 Ng4f6
14.Ne4d6 { resign }
1-0

[Event "Match"]
[Site "www.echecsemail.com"]
[Date "2015.04.09"]
[Round "1"]
[White "Louis"]
[Black "Generalfree"]
[WhiteElo "1850"]
[BlackElo "1710"]
[Result "0-1"]
[Round "1"]
1.e4 e5
2.Ng1f3 d6
3.Nb1c3 c6
4.d4 exd4
5.Nf3xd4 Ng8f6
6.Bf1e2 Bc8d7
7.Bc1g5 c5
8.Nd4b5 a6
9.Nb5xd6 Bf8xd6
10.Nc3d5 Bd6e5
11.Bg5xf6 Be5xf6
12.O-O Bf6xb2
13.Ra1b1 Bd7c6
14.Rb1xb2 O-O
15.Nd5b6 Ra8a7
16.Qd1xd8 Rf8xd8
17.Rf1d1 Rd8xd1
18.Be2xd1 Bc6xe4
19.c3 g6
20.Rb2e2 Be4c6
21.Bd1b3 Bc6b5
22.Re2d2 Nb8c6
23.Nb6c8 Ra7a8
24.Nc8b6 Ra8d8
25.Rd2xd8 Nc6xd8
26.Nb6d5 c4
27.Bb3c2 Nd8e6
28.Bc2e4 f5
29.Be4f3 Kf7
30.h3 h6
31.g3 Bb5c6
32.Kg2 Bc6xd5
33.Bf3xd5 b5
34.a3 a5
35.f4 Kf6
36.Kf3 g5
37.Bd5xe6 Kxe6
38.Ke3 Kd5
39.Kf3 b4
{ resign }
0-1

[Event "Tourn. n8133"]
[Site "www.chess-mail.com"]
[Date "2015.04.10"]
[Round "1"]
[White "Kermet"]
[Black "Gorgo"]
[WhiteElo "2510"]
[BlackElo "2290"]
[Result "1/2-1/2"]
[Round "1"]
1.c4 Ng8f6
2.g3 e5
3.Bf1g2 d5
4.cxd5 Nf6xd5
5.Ng1f3 Nb8c6
6.O-O Nd5b6
7.b3 e4
8.Nf3e1 Bc8f5
9.Bc1b2 Qd8e7
10.Nb1c3 O-O-O
11.d3 exd3
12.Ne1xd3 h5
13.h4 Nc6b4
14.a4 Kb8
15.a5 Nb6c8
16.a6 Nb4xa6
17.Ra1xa6 bxa6
18.Nc3d5 Rd8xd5
19.Bg2xd5 f6
20.Qd1c2 Nc8b6
21.Bd5f3 Qe7d7
22.Rf1a1 Qd7b5
23.Ra1c1 Bf8d6
24.Bf3c6 Bf5xd3
25.exd3 Qb5f5
26.Bc6e4 Qf5b5
27.Be4c6 Qb5f5
28.Bc6e4 { draw }
1/2-1/2

[Event "Tourn. n8170"]
[Site "www.chess-mail.com"]
[Date "2015.04.10"]
[Round "1"]
[White "Yangqi"]
[Black "Cardiff"]
[WhiteElo "2120"]
[BlackElo "2040"]
[Result "1-0"]
[Round "1"]
1.e4 e5
2.f4 exf4
3.Ng1f3 d5
4.exd5 Ng8f6
5.Bf1b5 c6
6.dxc6 Nb8xc6
7.d4 Nf6d5
8.O-O Bf8e7
9.c4 Nd5e3
10.Bc1xe3 fxe3
11.d5 { resign }
1-0

[Event "Tourn. n8003"]
[Site "www.chess-mail.com"]
[Date "2015.04.10"]
[Round "1"]
[White "Merimee"]
[Black "Genius9"]
[WhiteElo "1580"]
[BlackElo "1400"]
[Result "0-1"]
[Round "1"]
1.d3 d5
2.e4 dxe4
3.Bc1f4 c6
4.Nb1c3 exd3
5.Qd1xd3 Qd8xd3
6.Bf1xd3 Ng8f6
7.Ng1f3 Bc8g4
8.Bd3e2 e6
9.O-O Bf8e7
10.Nf3e5 Bg4xe2
11.Nc3xe2 Nf6d5
12.c4 Nd5xf4
13.Ne2xf4 Nb8a6
14.Ra1d1 Be7f6
15.Nf4d3 Bf6xe5
16.Nd3xe5 f6
17.Ne5d7 Ra8d8
18.Rd1d6 Rd8xd7
19.Rd6xe6 Rd7e7
20.Rf1e1 Re7xe6
21.Re1xe6 Kf7
22.Re6e3 Rh8e8
23.Kf1 Re8xe3
24.fxe3 Ke6
25.a3 Ke5
26.Ke2 Ke4
27.Kd2 Na6c5
28.b4 Nc5e6
29.c5 f5
30.Ke2 g5
31.Kf2 h5
32.g3 g4
33.Ke2 Ne6c7
34.Kf2 Nc7d5
35.Ke2 Nd5xe3
36.a4 Ne3d5
37.b5 Nd5c3
38.Kd2 Nc3xb5
39.axb5 cxb5
40.Kc3 a5
41.Kb3 Kd5
{ resign }
0-1

[Event "Tourn. n8170"]
[Site "www.chess-mail.com"]
[Date "2015.04.10"]
[Round "1"]
[White "Cardiff"]
[Black "Jesmantiz"]
[WhiteElo "2040"]
[BlackElo "2240"]
[Result "1/2-1/2"]
[Round "1"]
1.e4 c5
2.b3 Nb8c6
3.Bc1b2 Qd8c7
4.Ng1f3 e6
5.Bf1b5 Ng8e7
6.O-O Ne7g6
7.Bb5xc6 bxc6
8.d4 Bc8a6
9.c4 d5
10.Nb1d2 cxd4
11.exd5 cxd5
{ draw }
1/2-1/2

[Event "Tourn. n8141"]
[Site "www.chess-mail.com"]
[Date "2015.04.10"]
[Round "1"]
[White "Jftgalloso"]
[Black "Vitoriccardo"]
[WhiteElo "1700"]
[BlackElo "1610"]
[Result "0-1"]
[Round "1"]
1.d4 Ng8f6
2.c4 e6
3.Ng1f3 b6
4.h3 Bc8b7
5.e3 d5
6.a3 c5
7.Nb1c3 Bf8d6
8.Bf1d3 h6
9.b4 cxb4
10.axb4 Bd6xb4
11.Qd1a4 Nb8c6
12.Bc1d2 Bb4xc3
13.Bd2xc3 O-O
14.Nf3e5 Qd8c7
15.c5 Nf6e4
16.Bc3b4 Nc6xe5
17.dxe5 Ne4xc5
18.Bb4xc5 Qc7xc5
19.O-O Qc5c7
{ resign }
0-1

[Event "Tourn. n8042"]
[Site "www.chess-mail.com"]
[Date "2015.04.10"]
[Round "1"]
[White "A27l"]
[Black "Hansen"]
[WhiteElo "1130"]
[BlackElo "1490"]
[Result "0-1"]
[Round "1"]
1.e4 d5
2.exd5 Qd8xd5
3.Qd1f3 Qd5e5
4.Qf3e2 Qe5c5
5.Nb1c3 Ng8f6
6.Qe2e3 Qc5d6
7.Qe3g3 Qd6e6
8.Qg3e3 Qe6c6
9.Bf1b5 Nf6d5
10.Bb5xc6 bxc6
11.Nc3xd5 cxd5
12.d4 Nb8c6
13.c3 Bc8a6
14.Ng1f3 f6
15.Nf3g1 O-O-O
16.Qe3e6 Rd8d7
17.Ng1e2 Ba6b5
18.O-O Nc6d8
19.Qe6e3 h5
20.h3 g6
21.b3 Rd7d6
22.Rf1e1 Rd6e6
23.Qe3d2 Bf8h6
24.Qd2d1 g5
25.a4 Bb5a6
26.Ne2g3 Re6xe1
27.Qd1xe1 Rh8e8
28.Ng3f5 Bh6f8
29.Bc1a3 Ba6d3
30.Nf5g3 Nd8c6
31.Ra1d1 Bd3c2
32.Rd1b1 Bc2xb1
33.Qe1xb1 e5
34.Ba3xf8 Re8xf8
 { time }
0-1

[Event "Tourn. n8012"]
[Site "www.chess-mail.com"]
[Date "2015.04.10"]
[Round "1"]
[White "Panham"]
[Black "Samael"]
[WhiteElo "2040"]
[BlackElo "2090"]
[Result "1-0"]
[Round "1"]
1.d4 d5
2.c4 e6
3.Nb1c3 Ng8f6
4.cxd5 Nf6xd5
5.e4 Nd5xc3
6.bxc3 c5
7.Ng1f3 cxd4
8.cxd4 Nb8c6
9.a3 a6
10.Bf1e2 Bf8e7
11.O-O O-O
12.Bc1b2 Be7f6
13.e5 Bf6e7
14.Qd1c2 Bc8d7
15.Ra1c1 Ra8c8
16.Qc2d3 Nc6a7
17.Nf3d2 Bd7b5
18.Nd2c4 Bb5xc4
19.Rc1xc4 Rc8xc4
20.Qd3xc4 Qd8c8
21.Qc4d3 Rf8d8
22.Rf1c1 Qc8d7
23.Be2f3 Rd8c8
24.Rc1xc8 Qd7xc8
25.d5 exd5
26.Bf3xd5 g6
27.Qd3b3 Qc8f5
28.g3 b5
29.Bb2d4 Na7c8
30.Bd5b7 Qf5d7
31.Qb3d5 Qd7xd5
32.Bb7xd5 Be7xa3
33.Bd5b7 Nc8e7
34.f4 a5
35.Bb7a6 b4
36.Bd4c5 Ne7d5
37.Ba6c4 Nd5c3
38.Bc5b6 a4
39.Bb6c5 Nc3b1
40.e6 fxe6
41.Bc4xe6 Kg7
42.Bc5d4 Kh6
43.g4 Nb1c3
44.Kg2 Nc3e2
45.g5 Kh5
46.Bd4e3 Ba3c1
47.Be3xc1 Ne2xc1
48.Kh3 { resign }
1-0

[Event "Tourn. n8141"]
[Site "www.chess-mail.com"]
[Date "2015.04.10"]
[Round "1"]
[White "Oliverio"]
[Black "Jftgalloso"]
[WhiteElo "1590"]
[BlackElo "1700"]
[Result "1-0"]
[Round "1"]
1.e4 e6
2.d4 c5
3.d5 d6
4.c4 g6
5.Nb1c3 Bf8g7
6.Bf1e2 Bg7xc3
7.bxc3 e5
8.f4 f6
9.Ng1f3 h6
10.Nf3h4 Ng8e7
11.Nh4xg6 Ne7xg6
12.Be2h5 { resign }
1-0

[Event "Tourn. n8143"]
[Site "www.chess-mail.com"]
[Date "2015.04.10"]
[Round "1"]
[White "Libiesse"]
[Black "Cardiff"]
[WhiteElo "1980"]
[BlackElo "1970"]
[Result "1-0"]
[Round "1"]
1.d4 Ng8f6
2.c4 e6
3.Ng1f3 d5
4.Bc1g5 Bf8e7
5.Nb1c3 O-O
6.e3 a6
7.Bf1e2 dxc4
8.Be2xc4 c5
9.O-O b5
10.Bc4e2 Bc8b7
11.dxc5 Be7xc5
12.Qd1xd8 Rf8xd8
13.Bg5xf6 gxf6
14.Ra1c1 Bc5b6
15.Rf1d1 Nb8c6
16.Nc3e4 f5
17.Ne4d6 { resign }
1-0

[Event "Tourn. n8141"]
[Site "www.chess-mail.com"]
[Date "2015.04.10"]
[Round "1"]
[White "Jftgalloso"]
[Black "Anja"]
[WhiteElo "1700"]
[BlackElo "1680"]
[Result "0-1"]
[Round "1"]
1.d4 f5
2.Bc1g5 Ng8f6
3.Bg5xf6 exf6
4.f4 Nb8c6
5.c3 d5
6.e3 Bf8d6
7.Bf1d3 Qd8e7
8.Qd1e2 O-O
9.h3 Rf8e8
{ resign }
0-1

[Event "Tourn. n7978"]
[Site "www.chess-mail.com"]
[Date "2015.04.10"]
[Round "1"]
[White "Generalfree"]
[Black "Traub"]
[WhiteElo "1900"]
[BlackElo "1850"]
[Result "0-1"]
[Round "1"]
1.e4 e5
2.Ng1f3 Nb8c6
3.Bf1c4 Bf8c5
4.c3 Ng8f6
5.d3 O-O
6.b4 Bc5d6
7.h3 a6
8.a4 b6
9.Nb1a3 Bc8b7
10.g4 Nf6e8
11.Qd1b3 Nc6a7
12.Nf3g5 Qd8e7
13.h4 h6
14.Ng5f3 Kh7
15.h5 c5
16.bxc5 Bd6xc5
17.g5 Ne8c7
18.gxh6 gxh6
19.Nf3h4 Na7c6
20.Nh4f5 Qe7f6
21.Rh1g1 Nc6e7
22.Bc1xh6 Rf8g8
23.Rg1xg8 Ra8xg8
24.Bh6c1 Rg8g1
25.Ke2 Ne7xf5
26.exf5 Qf6xf5
27.f4 Rg1g2
28.Ke1 Qf5g4
29.d4 Qg4g3
30.Kd1 Bb7f3
31.Bc4e2 Bf3xe2
32.Kc2 Be2d3
33.Kd1 Qg3f3
34.Ke1 Qf3f1
{ resign }
0-1

[Event "Match"]
[Site "www.echecsemail.com"]
[Date "2015.04.10"]
[Round "1"]
[White "Delacey"]
[Black "Chapi"]
[WhiteElo "1930"]
[BlackElo "2040"]
[Result "0-1"]
[Round "1"]
1.d4 d5
2.e4 dxe4
3.Nb1c3 Ng8f6
4.f3 exf3
5.Qd1xf3 Nb8c6
6.d5 Nc6b4
7.Bf1d3 Nb4xd5
8.Ng1e2 e5
9.Bc1g5 Bf8e7
10.Bg5xf6 Nd5xf6
11.O-O O-O
12.Nc3e4 Bc8g4
13.Qf3e3 b6
14.Ne4xf6 Be7xf6
15.Qe3e4 g6
16.Qe4xg4 Qd8e7
17.Ne2g3 Ra8d8
18.Ng3e4 Bf6g7
19.Ne4g5 f5
20.Qg4h4 Bg7f6
21.Bd3c4 Kh8
22.Ng5f7 Rf8xf7
23.Qh4e1 Qe7c5
24.Kh1 Qc5xc4
25.c3 Rf7d7
26.h4 Qc4xh4
27.Kg1 Rd7d2
28.Qe1xh4 Bf6xh4
29.Ra1b1 Rd2c2
30.Rb1d1 Rd8xd1
31.Rf1xd1 Rc2xb2
32.Rd1d7 Bh4g3
33.Kf1 Rb2xa2
34.Rd7xc7 a5
35.Rc7c6 Ra2c2
36.Rc6xb6 e4
37.Rb6a6 e3
{ resign }
0-1

[Event "Match"]
[Site "www.echecsemail.com"]
[Date "2015.04.10"]
[Round "1"]
[White "Valdri"]
[Black "F14"]
[WhiteElo "2090"]
[BlackElo "1599"]
[Result "0-1"]
[Round "1"]
1.e4 d6
2.d4 Ng8f6
3.Nb1c3 e6
4.Ng1f3 Bf8e7
5.Bc1g5 Nf6g8
6.Bg5f4 Ng8f6
7.Bf1d3 Nb8c6
8.O-O O-O
9.e5 dxe5
10.dxe5 Nf6d5
11.Nc3xd5 exd5
 { time }
0-1